[Event "HUN-chT Youth 2019"]
[Site "Budapest"]
[Date "2019.10.26"]
[Round "1.50"]
[White "Hajdu, Marton Abris"]
[Black "Havasi, Gergely Bulcsu"]
[Result "1-0"]
[WhiteElo "1818"]
[BlackElo "1460"]
[Annotator "NA"]
[PlyCount "81"]
[EventDate "2019.10.26"]
[EventType "team-tourn"]
[EventCountry "HUN"]
[SourceTitle "playchess.com"]
[Source "ChessBase"]
[SourceQuality "1"]
[TimeControl "5400+30"]

1. e4 {[%emt 0:00:00]} g6 {[%emt 0:00:00]} 2. d4 {[%emt 0:00:00]} Bg7 {[%emt 0:00:27]} 3. Nc3 {[%emt 0:00:28]} d6 {[%emt 0:00:30]} 4. Be2 {[%emt 0:00:07]} Nf6 {[%emt 0:00:34]} 5. h4 {[%emt 0:00:51]} h5 {[%emt 0:00:38]} 6. Bg5 {[%emt 0:00:55]} Nbd7 {[%emt 0:01:10]} 7. Qd2 {[%emt 0:00:22]} a6 {[%emt 0:01:25]} 8. O-O-O {[%emt 0:01:31]} c5 {[%emt 0:00:58]} 9. Nf3 {[%emt 0:04:51]} b5 {[%emt 0:04:05]} 10. e5 {[%emt 0:05:17]} cxd4 {[%emt 0:03:27]} 11. Qxd4 {[%emt 0:08:24]} Ng4 {[%emt 0:04:33]} 12. Qe4 {[%emt 0:01:36]} Rb8 {[%emt 0:01:33]} 13. exd6 {[%emt 0:02:53]} Bf6 {[%emt 0:05:34]} 14. Rhf1 {[%emt 0:10:47]} Bb7 {[%emt 0:06:55]} 15. Nd5 {[%emt 0:11:14]} Bxg5+ {[%emt 0:02:28]} 16. hxg5 {[%emt 0:02:57]} e5 {[%emt 0:07:16]} 17. Nc7+ {[%emt 0:15:51]} Kf8 {[%emt 0:02:56]} 18. Qb4 {[%emt 0:01:38]} Kg8 {[%emt 0:07:56]} 19. Kb1 {[%emt 0:02:02]} Kh7 {[%emt 0:07:45]} 20. Bd3 {[%emt 0:02:34]} a5 {[%emt 0:03:58]} 21. Qb3 {[%emt 0:01:19]} Rf8 {[%emt 0:00:17]} 22. Bxb5 {[%emt 0:08:29]} Nc5 {[%emt 0:05:09]} 23. Qc4 {[%emt 0:00:37]} Ne6 {[%emt 0:00:38]} 24. Nxe6 {[%emt 0:01:03]} fxe6 {[%emt 0:00:10]} 25. Qxe6 {[%emt 0:01:43]} Bxf3 {[%emt 0:01:38]} 26. gxf3 {[%emt 0:00:33]} Qb6 {[%emt 0:01:01]} 27. fxg4 {[%emt 0:00:46]} Qxb5 {[%emt 0:00:26]} 28. b3 {[%emt 0:01:13]} Rbe8 {[%emt 0:01:04]} 29. Qd5 {[%emt 0:01:14]} Qe2 {[%emt 0:00:15]} 30. gxh5 {[%emt 0:00:38]} Rxf2 {[%emt 0:01:16]} 31. hxg6+ {[%emt 0:00:05]} Kg7 {[%emt 0:00:14]} 32. Rxf2 {[%emt 0:00:46]} Qxf2 {[%emt 0:00:08]} 33. d7 {[%emt 0:00:35]} Rd8 {[%emt 0:00:13]} 34. Qxe5+ {[%emt 0:00:08]} Kxg6 {[%emt 0:00:31]} 35. Rd6+ {[%emt 0:00:28]} Kh5 {[%emt 0:00:20]} 36. g6+ {[%emt 0:00:25]} Kg4 {[%emt 0:00:42]} 37. Rd4+ {[%emt 0:00:16]} Kh3 {[%emt 0:00:03]} 38. Qh5+ {[%emt 0:00:13]} Kg2 {[%emt 0:00:09]} 39. Qg5+ {[%emt 0:00:31]} Kh3 {[%emt 0:00:19]} 40. Rd3+ {[%emt 0:00:10]} Kh2 {[%emt 0:00:10]} 41. Rd2 {[%emt 0:00:09]} 1-0

[Event "HUN-chT Youth 2019"]
[Site "Budapest"]
[Date "2019.10.26"]
[Round "1.51"]
[White "Havasi, Mate Pal"]
[Black "Nagy, Botond"]
[Result "1/2-1/2"]
[WhiteElo "1225"]
[BlackElo "1281"]
[Annotator "NA"]
[PlyCount "110"]
[EventDate "2019.10.26"]
[EventType "team-tourn"]
[EventCountry "HUN"]
[SourceTitle "playchess.com"]
[Source "ChessBase"]
[SourceQuality "1"]
[TimeControl "5400+30"]

1. Nf3 {[%emt 0:00:00]} Nf6 {[%emt 0:00:00]} 2. g3 {[%emt 0:00:00]} g6 {[%emt 0:00:00]} 3. Bg2 {[%emt 0:00:00]} Bg7 {[%emt 0:00:12]} 4. O-O {[%emt 0:00:30]} O-O {[%emt 0:00:25]} 5. c4 {[%emt 0:00:08]} c5 {[%emt 0:01:07]} 6. Nc3 {[%emt 0:01:36]} d6 {[%emt 0:00:58]} 7. d3 {[%emt 0:00:17]} Nbd7 {[%emt 0:00:40]} 8. Bf4 {[%emt 0:01:22]} Rb8 {[%emt 0:01:30]} 9. Rb1 {[%emt 0:01:40]} b6 {[%emt 0:01:19]} 10. Qa4 {[%emt 0:02:36]} a6 {[%emt 0:01:48]} 11. a3 {[%emt 0:01:33]} Bb7 {[%emt 0:01:20]} 12. Bg5 {[%emt 0:02:42]} h6 {[%emt 0:01:33]} 13. Be3 {[%emt 0:02:41]} Qc7 {[%emt 0:01:32]} 14. d4 {[%emt 0:02:12]} Bc6 {[%emt 0:01:52]} 15. Qb3 {[%emt 0:00:53]} Ng4 {[%emt 0:01:58]} 16. d5 {[%emt 0:01:56]} Ba8 {[%emt 0:01:17]} 17. Bd2 {[%emt 0:00:34]} Rfc8 {[%emt 0:02:05]} 18. a4 {[%emt 0:00:48]} b5 {[%emt 0:02:37]} 19. axb5 {[%emt 0:02:57]} axb5 {[%emt 0:00:31]} 20. Nxb5 {[%emt 0:00:52]} Qb6 {[%emt 0:00:53]} 21. Bh3 {[%emt 0:01:02]} Ngf6 {[%emt 0:00:47]} 22. e4 {[%emt 0:02:49]} g5 {[%emt 0:01:24]} 23. Bf5 {[%emt 0:04:08]} Bb7 {[%emt 0:00:36]} 24. Bc3 {[%emt 0:02:00]} Rd8 {[%emt 0:00:39]} 25. Ra1 {[%emt 0:01:35]} Ra8 {[%emt 0:01:35]} 26. Rxa8 {[%emt 0:03:18]} Rxa8 {[%emt 0:00:19]} 27. Bxd7 {[%emt 0:01:51]} Nxd7 {[%emt 0:00:19]} 28. Bxg7 {[%emt 0:00:17]} Kxg7 {[%emt 0:00:18]} 29. Qc3+ {[%emt 0:00:25]} f6 {[%emt 0:00:15]} 30. Nd2 {[%emt 0:04:36]} Ne5 {[%emt 0:01:14]} 31. Na3 {[%emt 0:02:56]} Qb4 {[%emt 0:03:20]} 32. Qxb4 {[%emt 0:00:44]} cxb4 {[%emt 0:00:06]} 33. Nc2 {[%emt 0:00:23]} Ra2 {[%emt 0:00:23]} 34. Rb1 {[%emt 0:00:34]} Nd3 {[%emt 0:01:08]} 35. Nf1 {[%emt 0:01:07]} Rxb2 {[%emt 0:01:11]} 36. Rxb2 {[%emt 0:00:52]} Nxb2 {[%emt 0:00:15]} 37. Nxb4 {[%emt 0:00:13]} Nxc4 {[%emt 0:00:11]} 38. Ne3 {[%emt 0:01:11]} Nd2 {[%emt 0:01:03]} 39. Nc6 {[%emt 0:00:57]} e6 {[%emt 0:01:48]} 40. Nd8 {[%emt 0:00:22]} Bc8 {[%emt 0:00:44]} 41. dxe6 {[%emt 0:00:37]} Nxe4 {[%emt 0:00:59]} 42. Nf5+ {[%emt 0:00:28]} Kf8 {[%emt 0:00:46]} 43. Nxh6 {[%emt 0:00:49]} Ke7 {[%emt 0:00:56]} 44. Nc6+ {[%emt 0:01:09]} Kxe6 {[%emt 0:00:23]} 45. Nd4+ {[%emt 0:00:16]} Kd5 {[%emt 0:00:41]} 46. Ndf5 {[%emt 0:01:28]} Kc5 {[%emt 0:01:10]} 47. Ne7 {[%emt 0:01:32]} Be6 {[%emt 0:00:48]} 48. f3 {[%emt 0:00:24]} Nd2 {[%emt 0:00:48]} 49. f4 {[%emt 0:00:39]} d5 {[%emt 0:00:42]} 50. Nxd5 {[%emt 0:00:31]} Bxd5 {[%emt 0:00:17]} 51. fxg5 {[%emt 0:00:24]} fxg5 {[%emt 0:00:08]} 52. h4 {[%emt 0:00:25]} Nf3+ {[%emt 0:00:13]} 53. Kf2 {[%emt 0:00:15]} gxh4 {[%emt 0:00:43]} 54. gxh4 {[%emt 0:00:15]} Nxh4 {[%emt 0:00:05]} 55. Kg3 {[%emt 0:00:29]} Ng6 {[%emt 0:00:53]} 1/2-1/2

[Event "HUN-chT Youth 2019"]
[Site "Budapest"]
[Date "2019.10.26"]
[Round "1.54"]
[White "Bod, Marton"]
[Black "Lauko, Petru-Pavel"]
[Result "1-0"]
[WhiteElo "1131"]
[BlackElo "1272"]
[Annotator "NA"]
[PlyCount "85"]
[EventDate "2019.10.26"]
[EventType "team-tourn"]
[EventCountry "HUN"]
[SourceTitle "playchess.com"]
[Source "ChessBase"]
[SourceQuality "1"]
[TimeControl "5400+30"]

1. e4 {[%emt 0:00:00]} e5 {[%emt 0:00:00]} 2. Nc3 {[%emt 0:00:00]} Nf6 {[%emt 0:00:03]} 3. f4 {[%emt 0:00:02]} Nc6 {[%emt 0:00:34]} 4. fxe5 {[%emt 0:00:14]} Nxe5 {[%emt 0:00:18]} 5. d4 {[%emt 0:00:11]} Nc6 {[%emt 0:00:28]} 6. e5 {[%emt 0:00:16]} Ng8 {[%emt 0:01:05]} 7. Nf3 {[%emt 0:00:26]} d5 {[%emt 0:00:24]} 8. exd6 {[%emt 0:00:24]} cxd6 {[%emt 0:00:58]} 9. Bc4 {[%emt 0:01:08]} Nf6 {[%emt 0:00:50]} 10. O-O {[%emt 0:00:24]} d5 {[%emt 0:00:54]} 11. Bb5 {[%emt 0:00:54]} Bd7 {[%emt 0:01:00]} 12. Re1+ {[%emt 0:00:24]} Be7 {[%emt 0:00:28]} 13. Ne5 {[%emt 0:00:38]} O-O {[%emt 0:00:43]} 14. Nxd7 {[%emt 0:00:28]} Nxd7 {[%emt 0:00:40]} 15. Nxd5 {[%emt 0:00:26]} Re8 {[%emt 0:00:42]} 16. Bf4 {[%emt 0:01:09]} a6 {[%emt 0:00:33]} 17. Bxc6 {[%emt 0:00:20]} bxc6 {[%emt 0:00:16]} 18. Nc7 {[%emt 0:00:21]} Rc8 {[%emt 0:00:34]} 19. Nxe8 {[%emt 0:00:19]} Qxe8 {[%emt 0:00:19]} 20. Bd6 {[%emt 0:00:13]} Nb6 {[%emt 0:01:50]} 21. Bxe7 {[%emt 0:00:15]} Nc4 {[%emt 0:01:42]} 22. Qd3 {[%emt 0:01:11]} Nxb2 {[%emt 0:00:22]} 23. Qb3 {[%emt 0:00:08]} Rb8 {[%emt 0:01:22]} 24. Bb4 {[%emt 0:00:47]} Qd7 {[%emt 0:00:54]} 25. Qxb2 {[%emt 0:00:14]} a5 {[%emt 0:00:48]} 26. Re7 {[%emt 0:00:25]} Qd8 {[%emt 0:00:23]} 27. Qb3 {[%emt 0:01:04]} Qxd4+ {[%emt 0:00:43]} 28. Qe3 {[%emt 0:01:21]} Qxa1+ {[%emt 0:00:23]} 29. Kf2 {[%emt 0:00:14]} h6 {[%emt 0:00:23]} 30. Qf4 {[%emt 0:00:57]} Rf8 {[%emt 0:00:29]} 31. Re1 {[%emt 0:00:48]} Qxa2 {[%emt 0:00:20]} 32. Bxf8 {[%emt 0:00:26]} Qxc2+ {[%emt 0:00:38]} 33. Re2 {[%emt 0:00:15]} Qb3 {[%emt 0:00:53]} 34. Re8 {[%emt 0:00:45]} Qb6+ {[%emt 0:00:58]} 35. Bc5+ {[%emt 0:00:14]} Kh7 {[%emt 0:00:15]} 36. Bxb6 {[%emt 0:00:08]} a4 {[%emt 0:00:22]} 37. Qxa4 {[%emt 0:00:21]} Kg6 {[%emt 0:00:37]} 38. Qxc6+ {[%emt 0:01:03]} Kh7 {[%emt 0:00:50]} 39. Qe4+ {[%emt 0:00:24]} g6 {[%emt 0:00:27]} 40. Qe7 {[%emt 0:00:11]} h5 {[%emt 0:00:23]} 41. Qxf7+ {[%emt 0:01:15]} Kh6 {[%emt 0:00:26]} 42. Be3+ {[%emt 0:00:09]} g5 {[%emt 0:00:20]} 43. Rh8# {[%emt 0:00:05]} 1-0

[Event "HUN-chT Youth 2019"]
[Site "Budapest"]
[Date "2019.10.27"]
[Round "2.1"]
[White "Papp, Levente"]
[Black "Palczert, Botond"]
[Result "1-0"]
[WhiteElo "2317"]
[BlackElo "2039"]
[Annotator "NA"]
[PlyCount "101"]
[EventDate "2019.10.26"]
[EventType "team-tourn"]
[EventCountry "HUN"]
[SourceTitle "playchess.com"]
[Source "ChessBase"]
[SourceQuality "1"]
[TimeControl "5400+30"]

1. b3 {[%emt 0:01:40]} e5 {[%emt 0:00:03]} 2. Bb2 {[%emt 0:00:15]} d6 {[%emt 0:00:26]} 3. g3 {[%emt 0:00:36]} Nf6 {[%emt 0:00:34]} 4. Bg2 {[%emt 0:00:04]} Nc6 {[%emt 0:00:55]} 5. e3 {[%emt 0:00:38]} g6 {[%emt 0:01:24]} 6. Ne2 {[%emt 0:00:27] A01: Nimzowitsch-Larsen Opening} Bg7 {[%emt 0:00:27]} 7. d4 {[%emt 0:00:33]} exd4 {[%emt 0:01:26]} 8. Nxd4 {[%emt 0:00:12]} Nxd4 {[%emt 0:06:47]} 9. Bxd4 {[%emt 0:00:08]} O-O {[%emt 0:04:39]} 10. O-O {[%emt 0:00:04]} d5 {[%emt 0:10:02]} 11. Qc1 $146 {[%emt 0:01:58]} ({Predecessor:} 11. b4 c6 12. Nd2 {1-0 (37) Blatny,P (2535)-Kramer,G (2259) Saint Paul 2000}) 11... c6 {[%emt 0:04:41]} 12. Qb2 {[%emt 0:00:51]} Nh5 {[%emt 0:09:38]} 13. Bxg7 {[%emt 0:00:26]} Nxg7 {[%emt 0:00:05]} 14. c4 {[%emt 0:03:40]} dxc4 {[%emt 0:07:58]} 15. bxc4 {[%emt 0:00:05]} Qd6 {[%emt 0:01:29]} 16. Nd2 {[%emt 0:00:35]} Bf5 {[%emt 0:08:11]} 17. e4 {[%emt 0:01:05]} Rad8 {[%emt 0:09:40]} 18. Rad1 {[%emt 0:18:00]} Bg4 {[%emt 0:04:22]} 19. f3 {[%emt 0:00:08]} Bc8 {[%emt 0:00:26]} 20. Nb3 {[%emt 0:07:49]} Qb4 {[%emt 0:13:33]} 21. Rxd8 {[%emt 0:05:40]} Rxd8 {[%emt 0:00:08]} 22. Qf6 {[%emt 0:00:06]} Rd3 {[%emt 0:00:35]} 23. Qe5 {[%emt 0:04:21]} Qb6+ {[%emt 0:03:34]} 24. Kh1 {[%emt 0:03:18]} (24. c5 $11 {keeps the balance.} Qa6 25. f4) 24... Qd8 {[%emt 0:00:02]} (24... Be6 $17 25. Rc1 h6) 25. h3 {[%emt 0:12:25]} b6 {[%emt 0:01:49]} 26. Qb8 {[%emt 0:03:07]} a5 {[%emt 0:03:34]} 27. c5 $1 {[%emt 0:02:03]} a4 {[%emt 0:01:58]} 28. Nc1 {[%emt 0:00:18]} Rd2 {[%emt 0:01:07]} 29. cxb6 {[%emt 0:04:18]} Ba6 {[%emt 0:00:01]} 30. Qxd8+ {[%emt 0:01:50]} Rxd8 {[%emt 0:00:03]} 31. Re1 Rb8 {[%emt 0:00:10]} 32. Rd1 {[%emt 0:03:46]} Ne6 {[%emt 0:00:43]} 33. f4 {[%emt 0:00:34]} Rxb6 {[%emt 0:01:21]} 34. f5 {[%emt 0:02:56] [#]} gxf5 $15 {[%emt 0:00:02]} (34... Nc5 $1 $17 35. f6 h5) 35. exf5 {[%emt 0:00:07]} Nf8 {[%emt 0:00:06]} 36. Rd6 {[%emt 0:00:21]} Rb4 {[%emt 0:04:58]} 37. Rxc6 {[%emt 0:00:42]} Bb7 {[%emt 0:00:10]} 38. Rc3 {[%emt 0:00:05]} Bxg2+ {[%emt 0:00:05]} 39. Kxg2 Nd7 {[%emt 0:00:39]} 40. Nd3 {[%emt 0:00:47]} Rb5 {[%emt 0:00:44]} 41. g4 {[%emt 0:00:12]} Kg7 {[%emt 0:00:21]} 42. Kg3 {[%emt 0:03:17]} Ne5 {[%emt 0:00:04]} 43. Nf4 {[%emt 0:00:22]} Rb2 {[%emt 0:00:48]} 44. Ra3 {[%emt 0:01:45]} Rb4 {[%emt 0:00:03]} 45. f6+ {[%emt 0:00:05]} Kf8 {[%emt 0:00:48]} 46. Rc3 {[%emt 0:00:06]} Rc4 {[%emt 0:00:17]} 47. Re3 {[%emt 0:01:05]} Nd7 {[%emt 0:00:33]} 48. g5 {[%emt 0:00:11]} Rc2 {[%emt 0:00:24]} 49. Re7 {[%emt 0:02:06]} Rxa2 {[%emt 0:01:53]} 50. Rxd7 {[%emt 0:00:06]} Ke8 {[%emt 0:00:01]} 51. Re7+ {[%emt 0:00:15]} 1-0

[Event "HUN-chT Youth 2019"]
[Site "Budapest"]
[Date "2019.10.27"]
[Round "2.1"]
[White "Palczert, Matyas"]
[Black "Thierry, Edvard"]
[Result "1-0"]
[WhiteElo "2009"]
[BlackElo "1507"]
[Annotator "NA RC"]
[PlyCount "73"]
[EventDate "2019.10.26"]
[EventType "team-tourn"]
[EventCountry "HUN"]
[SourceTitle "playchess.com"]
[Source "ChessBase"]
[SourceQuality "1"]
[TimeControl "5400+30"]

1. e4 {[%emt 0:00:00]} e6 {[%emt 0:00:00]} 2. d4 {[%emt 0:00:00]} d5 {[%emt 0:00:00]} 3. exd5 {[%emt 0:00:00]} exd5 {[%emt 0:00:00]} 4. Nf3 {[%emt 0:00:01]} Nf6 {[%emt 0:00:58]} 5. Bd3 {[%emt 0:00:16]} Bd6 {[%emt 0:00:31]} 6. Qe2+ {[%emt 0:00:30]} Qe7 {[%emt 0:01:00]} 7. Qxe7+ {[%emt 0:00:20]} Bxe7 {[%emt 0:00:08]} 8. O-O {[%emt 0:00:25]} O-O {[%emt 0:00:04]} 9. Re1 {[%emt 0:02:13]} Bd6 {[%emt 0:03:28]} 10. Nc3 {[%emt 0:02:17]} c6 {[%emt 0:03:15]} 11. Bg5 {[%emt 0:01:18]} Nbd7 {[%emt 0:00:26]} 12. Ne5 {[%emt 0:02:42]} h6 {[%emt 0:05:04]} 13. Bh4 {[%emt 0:01:27]} Nh5 {[%emt 0:13:45]} 14. Nxd7 {[%emt 0:07:55]} Bxd7 {[%emt 0:00:24]} 15. Be7 {[%emt 0:00:37]} Bxe7 {[%emt 0:00:14]} 16. Rxe7 {[%emt 0:00:09]} Nf6 {[%emt 0:00:09]} 17. f4 {[%emt 0:06:26]} Rfe8 {[%emt 0:02:13]} 18. Re5 {[%emt 0:03:14]} Kf8 {[%emt 0:02:43]} 19. h3 {[%emt 0:01:13]} Be6 {[%emt 0:03:50]} 20. g4 {[%emt 0:04:34]} Nd7 {[%emt 0:02:23]} 21. Re2 {[%emt 0:01:00]} f6 {[%emt 0:01:45]} 22. Bg6 {[%emt 0:04:22]} Bf7 {[%emt 0:00:17]} 23. Bxf7 {[%emt 0:00:35]} Kxf7 {[%emt 0:00:19]} 24. f5 {[%emt 0:00:49]} Nb6 {[%emt 0:02:28]} 25. b3 {[%emt 0:01:22]} Rxe2 {[%emt 0:00:22]} 26. Nxe2 {[%emt 0:00:08]} Nc8 {[%emt 0:01:07]} 27. Nf4 {[%emt 0:00:54]} Nd6 {[%emt 0:00:10]} 28. Re1 {[%emt 0:00:31]} Ne4 {[%emt 0:00:39]} 29. c4 {[%emt 0:03:36]} Ng5 {[%emt 0:01:03]} 30. Kg2 {[%emt 0:01:37]} dxc4 {[%emt 0:00:15]} 31. bxc4 {[%emt 0:01:12]} Rd8 {[%emt 0:03:49]} 32. Ng6 {[%emt 0:02:18]} Rd7 {[%emt 0:03:03]} 33. d5 {[%emt 0:05:43]} cxd5 {[%emt 0:01:00]} 34. cxd5 {[%emt 0:00:11]} b6 {[%emt 0:04:03]} 35. Rc1 {[%emt 0:01:27]} Ne4 {[%emt 0:02:13]} 36. Rc8 {[%emt 0:00:40]} Nd6 {[%emt 0:01:41]} 37. Rf8# 1-0

[Event "HUN-chT Youth 2019"]
[Site "Budapest"]
[Date "2019.10.27"]
[Round "2.2"]
[White "Kozsik, Bende Barnabas"]
[Black "Vanczak, Tamas"]
[Result "0-1"]
[WhiteElo "1943"]
[BlackElo "2327"]
[Annotator "TA"]
[PlyCount "48"]
[EventDate "2019.10.26"]
[EventType "team-tourn"]
[EventCountry "HUN"]
[SourceTitle "playchess.com"]
[Source "ChessBase"]
[SourceQuality "1"]

{[%evp 15,48,15,44,0,0,-4,-2,-26,-25,-22,-12,-85,-89,-105,-93,-143,-109,-120,-106,-97,-88,-80,-83,-91,-86,-98,-91,-106,-102,-183,-190,-176,-187,-512,-494]} 1. Nf3 Nf6 2. g3 d6 3. Bg2 e5 4. d4 Nbd7 5. c4 Be7 6. Nc3 O-O 7. O-O c6 8. b3 Re8 9. Re1 $146 {A54: Old Indian Defence with Nf3, but without e4} ({Predecessor:} 9. Bb2 e4 10. Ne1 d5 11. cxd5 cxd5 12. Nc2 Nb8 13. Qd2 Nc6 14. Rac1 Be6 15. Ba3 Bxa3 16. Nxa3 Rc8 17. Nc2 Qa5 18. Ne3 Rc7 {0-1 (56) Leenhouts,K (2377)-Lobron,E (2530) Amsterdam 2017}) 9... e4 10. Nd2 $1 d5 11. e3 {The position is equal.} Nf8 {[%cal Bd7f8,Bf8e6,Be6g5][%mdl 32]} 12. f3 {[%cal Rf3e4]} exf3 13. Bxf3 (13. Nxf3 $11 {keeps the balance.} Bf5 14. a3) 13... Ne6 14. Bb2 Ng5 15. Bg2 Bg4 16. Qc2 Qd7 17. Rf1 Bh3 {aiming for ...Bxg2.} 18. Nf3 Bxg2 19. Ne5 {[#]} Bf3 $1 {[%mdl 512]} 20. Nxf3 Ng4 $36 {[%mdl 2048] Black is on the roll.} 21. Rae1 Bf6 22. Bc1 (22. Nd1 $17) 22... Nxf3+ $19 23. Rxf3 {[#]} Bxd4 $1 {[%mdl 576] Pin} 24. h3 $2 (24. cxd5 {is more resistant.} cxd5 25. Rd1 Rxe3 26. Bxe3 Nxe3 27. Qf2 Nxd1 {[%mdl 64] Discovered Attack} 28. Qxd4 Nxc3 29. Rxc3) (24. exd4 Rxe1+) 24... Ne5 {Accuracy: White = 36%, Black = 81%.} 0-1

[Event "HUN-chT Youth 2019"]
[Site "Budapest"]
[Date "2019.10.27"]
[Round "2.2"]
[White "Szuhorukov, Marcell"]
[Black "Hajdu, Marton Abris"]
[Result "0-1"]
[WhiteElo "1384"]
[BlackElo "1818"]
[Annotator "NA RC"]
[PlyCount "52"]
[EventDate "2019.10.26"]
[EventType "team-tourn"]
[EventCountry "HUN"]
[SourceTitle "playchess.com"]
[Source "ChessBase"]
[SourceQuality "1"]
[TimeControl "5400+30"]

1. e4 {[%emt 0:00:00]} c5 {[%emt 0:00:00]} 2. Nf3 {[%emt 0:00:00]} e6 {[%emt 0:00:00]} 3. d4 {[%emt 0:00:00]} cxd4 {[%emt 0:00:00]} 4. Nxd4 {[%emt 0:00:06]} a6 {[%emt 0:00:00]} 5. Nc3 {[%emt 0:01:59]} Qc7 {[%emt 0:00:05]} 6. Be3 {[%emt 0:00:55]} Nf6 {[%emt 0:00:24]} 7. Qd2 {[%emt 0:04:02]} b5 {[%emt 0:01:32]} 8. f3 {[%emt 0:05:47]} Bb7 {[%emt 0:00:42]} 9. Bd3 {[%emt 0:02:13]} Be7 {[%emt 0:00:22]} 10. O-O-O {[%emt 0:01:24]} Nc6 {[%emt 0:04:11]} 11. g4 {[%emt 0:00:45]} d6 {[%emt 0:01:51]} 12. Nxc6 {[%emt 0:03:37]} Qxc6 {[%emt 0:01:43]} 13. h4 {[%emt 0:01:33]} Rc8 {[%emt 0:02:17]} 14. Qe2 {[%emt 0:00:45]} Nd7 {[%emt 0:01:04]} 15. Rdg1 {[%emt 0:04:19]} Bf6 {[%emt 0:10:53]} 16. Nd1 {[%emt 0:02:07]} Nc5 {[%emt 0:07:03]} 17. g5 {[%emt 0:02:35]} Be7 {[%emt 0:00:33]} 18. h5 {[%emt 0:05:26]} d5 {[%emt 0:07:47]} 19. g6 {[%emt 0:08:54]} fxg6 {[%emt 0:11:09]} 20. hxg6 {[%emt 0:03:47]} h5 {[%emt 0:01:49]} 21. Bd4 {[%emt 0:01:56]} dxe4 {[%emt 0:07:49]} 22. Bxc5 {[%emt 0:10:03]} exd3 {[%emt 0:02:56]} 23. Qxd3 {[%emt 0:04:04]} Qxc5 {[%emt 0:00:30]} 24. Nc3 {[%emt 0:00:51]} Qc4 {[%emt 0:04:20]} 25. Qd2 {[%emt 0:05:16]} b4 {[%emt 0:03:21]} 26. Na4 {[%emt 0:03:48]} Qxa2 {[%emt 0:03:44]} 0-1